[Event "AUTO-INT-2467"]
[Site "http://www.queenalice.com/game.php?id=1115019"]
[Date "2012.10.22"]
[Round "1"]
[White "Gabriel_HD"]
[Black "JsMJk"]
[Result "0-1"]
[WhiteElo "1816"]
[BlackElo "1932"]

1. e4 c5 2. Nc3 d6 3. d4 cxd4 4. Qxd4 Nc6 5. Qd5 e6 6. Qb5 Nf6 7. Bg5 h6 8. Bh4
Be7 9. Nf3 Bd7 10. Rd1 Ne5 11. Qxb7 Nxf3+ 12. gxf3 Qb8 13. Qxb8+ Rxb8 14. b3 Rc8
15. Rd3 g5 16. Bg3 d5 17. exd5 exd5 18. Nxd5 Nxd5 19. Rxd5 Bb4+ 20. Kd1 Rd8 21.
Bc4 O-O 22. h4 Bc6 23. Rxd8 Rxd8+ 24. Ke2 Re8+ 25. Kf1 Bxf3 26. Kg1 Re1+ 27. Bf1
Bxh1 28. hxg5 Bf3 29. a4 Be2 30. Kg2 Rxf1 31. gxh6 Rc1 32. Be5 Rxc2 33. Kg3 Bd2
34. Bg7 Rc6 35. f3 Rg6+ 36. Kf2 Bd1 37. b4 Bxh6 38. Bxh6 Rxh6 39. Ke3 Bxa4 40.
f4 Rb6 41. Ke4 Rxb4+ 42. Ke5 Bb5 43. f5 a5 44. Kd6 a4 45. Kc5 Rb1 46. Kd6 a3 47.
Ke7 a2 48. f6 a1=Q 49. Kd6 Qd4+ 50. Kc7 Bd7 51. Kd8 Bf5+ 0-1

[Event "AUTO-INT-2467"]
[Site "http://www.queenalice.com/game.php?id=1115020"]
[Date "2012.10.22"]
[Round "1"]
[White "JsMJk"]
[Black "Gabriel_HD"]
[Result "0-1"]
[WhiteElo "1922"]
[BlackElo "1795"]

1. e4 e5 2. Nf3 Nc6 3. d4 exd4 4. Bb5 Bc5 5. Bxc6 dxc6 6. c3 d3 7. Ne5 Qe7 8.
Nxd3 Bd6 9. O-O b6 10. c4 Ba6 11. Qa4 Bb7 12. Nc3 Qh4 13. e5 Be7 14. Nd5 b5 15.
Qa5 cxd5 16. Qxb5+ Kf8 17. Qxb7 Re8 18. cxd5 Nh6 19. Bxh6 gxh6 20. Qxc7 Qd4 21.
Rfd1 Qxd5 22. Rac1 Rg8 23. Nf4 Qxa2 24. Nd5 Qxb2 25. e6 fxe6 26. Qf4+ Kg7 27.
Ne3 Ref8 28. Qe5+ Qxe5 29. Rd7 Rf7 30. Ng4 Qf4 31. Rc3 Qa4 32. Rcd3 Rd8 33. h3
Rxd7 34. Rg3 Bd6 35. Ne5+ Kh8 36. Nxf7+ Rxf7 37. f4 Qd1+ 38. Kh2 Rxf4 39. Rc3
Rf2+ 40. Rg3 Qf1 41. h4 Qxg2# 0-1

[Event "AUTO-INT-2467"]
[Site "http://www.queenalice.com/game.php?id=1115033"]
[Date "2012.10.22"]
[Round "1"]
[White "JsMJk"]
[Black "Arther"]
[Result "1-0"]
[WhiteElo "1701"]
[BlackElo "1580"]

1. e4 c5 2. Nf3 Nc6 3. Bb5 e6 4. d4 cxd4 5. Bxc6 bxc6 6. Nxd4 c5 7. Nf3 d6 8. e5
Qc7 9. Bf4 Ne7 10. exd6 Qb8 11. d7+ 1-0

[Event "AUTO-INT-2467"]
[Site "http://www.queenalice.com/game.php?id=1115034"]
[Date "2012.10.22"]
[Round "1"]
[White "Arther"]
[Black "JsMJk"]
[Result "0-1"]
[WhiteElo "1580"]
[BlackElo "1815"]

1. c4 d5 2. cxd5 Qxd5 3. Nc3 Qd8 4. d4 Nf6 5. Nf3 Nc6 6. d5 Na5 7. Qa4+ c6 8. e4
e6 9. dxe6 Bxe6 10. Be2 b5 11. Qc2 Bb4 12. O-O Qc7 13. Ng5 Bg4 14. h3 h6 15.
Bxg4 hxg5 16. Bxg5 Nxg4 17. hxg4 Qh2# 0-1

[Event "AUTO-INT-2467"]
[Site "http://www.queenalice.com/game.php?id=1115035"]
[Date "2012.10.22"]
[Round "1"]
[White "JsMJk"]
[Black "legorille"]
[Result "1-0"]
[WhiteElo "1794"]
[BlackElo "1479"]

1. e4 e5 2. Nf3 Nf6 3. d3 Nc6 4. Nc3 Bb4 5. Bd2 O-O 6. g4 Nxg4 7. h3 Nf6 8. Rg1
d6 9. a3 Ba5 10. Bh6 Ne8 11. Ng5 gxh6 12. Ne6+ 1-0

[Event "AUTO-INT-2467"]
[Site "http://www.queenalice.com/game.php?id=1115036"]
[Date "2012.10.22"]
[Round "1"]
[White "legorille"]
[Black "JsMJk"]
[Result "0-1"]
[WhiteElo "1568"]
[BlackElo "1905"]

1. e4 c5 2. Nc3 d6 3. d4 cxd4 4. Qxd4 Nc6 5. Qd1 e6 6. Nf3 Nf6 7. Bd3 Be7 8. O-O
h5 9. Bb5 h4 10. h3 d5 11. exd5 exd5 12. Ne5 Qc7 13. Bf4 Bd6 14. Nxd5 Nxd5 15.
Qxd5 Be6 16. Qe4 O-O-O 17. Bxc6 Bxe5 18. Bxb7+ Qxb7 19. Qxb7+ Kxb7 20. Bxe5 Rd5
21. Bxg7 Rg8 22. Bf6 Bxh3 23. Rfe1 Rxg2+ 24. Kh1 Rxf2 25. Bxh4 Rxc2 26. Re7+ Kc6
27. Rxf7 Rh5 28. Rf4 Rxb2 29. a4 a5 30. Rc4+ Kd5 31. Rf4 Rb4 32. Bg3 Rb2 33.
Rd1+ Kc5 34. Rc1+ Kd5 35. Rd1+ Kc5 36. Bf2+ Rxf2 37. Rc1+ Kd5 38. Rxf2 Kd4 39.
Rh2 Bg4 40. Rxh5 Bxh5 41. Kg2 Be8 42. Rc8 Bxa4 43. Ra8 Bc6+ 44. Kf2 Bxa8 45. Ke2
Kc3 0-1

[Event "Challenge"]
[Site "http://www.queenalice.com/game.php?id=1118852"]
[Date "2012.11.4"]
[Round "-"]
[White "JsMJk"]
[Black "antcabral"]
[Result "1-0"]
[WhiteElo "1913"]
[BlackElo "1816"]

1. e4 e5 2. Nf3 d6 3. d4 f6 4. dxe5 fxe5 5. Nc3 c6 6. Bg5 Be7 7. Bxe7 Qxe7 8.
Qd2 h6 9. Bc4 Nf6 10. O-O-O b5 11. Bb3 a5 12. Qxd6 Qxd6 13. Rxd6 Ke7 14. Rhd1 a4
15. Nxe5 axb3 16. Ng6+ Kf7 17. Nxh8+ Ke7 18. cxb3 Nfd7 19. Ng6+ Kd8 20. e5 Kc7
21. e6 Nc5 22. e7 Bd7 23. b4 Nb7 24. Re6 Be8 25. Ne5 Nd7 26. Rxc6+ Kb8 27. Nxd7+
Ka7 28. Nxb5# 1-0

[Event "Challenge"]
[Site "http://www.queenalice.com/game.php?id=1126627"]
[Date "2012.11.29"]
[Round "-"]
[White "JsMJk"]
[Black "soudeDeus"]
[Result "0-1"]
[WhiteElo "1981"]
[BlackElo "1611"]

1. e4 b6 2. Nc3 Bb7 3. d4 g6 4. Bf4 Bg7 5. Bc4 d6 6. Nf3 h6 7. h4 a6 8. O-O e6
9. Re1 Nd7 10. d5 Qe7 11. dxe6 fxe6 12. Qd2 b5 13. Bb3 e5 0-1

[Event "Challenge"]
[Site "http://www.queenalice.com/game.php?id=1129884"]
[Date "2012.12.10"]
[Round "-"]
[White "jujuju"]
[Black "JsMJk"]
[Result "1-0"]
[WhiteElo "2250"]
[BlackElo "1948"]

1. d4 d5 2. c4 dxc4 3. e3 b6 4. Bxc4 Bb7 5. Nf3 e6 6. Nc3 Nf6 7. O-O Qd6 8. Re1
h5 9. e4 Ng4 10. Bg5 f6 11. Nb5 Qc6 12. Bd5 Qxb5 13. Bxb7 fxg5 14. Bxa8 h4 15.
Re2 Nf6 16. a4 Qa5 17. Qb3 g4 18. Qxe6+ Be7 19. Nd2 h3 20. g3 Rh6 21. Bc6+ Nxc6
22. Qxc6+ Kd8 23. Qb5 Bb4 24. Qxa5 Bxa5 25. Nc4 Bb4 26. Ne5 Kc8 27. Nc6 Bf8 28.
Nxa7+ Kb7 29. Nb5 Nd7 30. e5 Re6 31. Nc3 c6 32. Re4 c5 33. d5 Re8 34. e6 Nf6 35.
Rf4 Ra8 36. Rd1 Bd6 37. Rf5 c4 38. Rg5 Rg8 39. Re1 Be7 40. Rg6 Kc7 41. Rd1 Kd6
42. Nb5+ Kc5 43. d6 Bd8 44. e7 Ne4 45. exd8=Q Rxd8 46. Rxg4 Nf6 47. Rxg7 Ne4 48.
Re7 Nf6 49. f4 1-0

[Event "AUTO-OPEN-2814"]
[Site "http://www.queenalice.com/game.php?id=1134853"]
[Date "2012.12.28"]
[Round "2"]
[White "JsMJk"]
[Black "musampa"]
[Result "1-0"]
[WhiteElo "1970"]
[BlackElo "2002"]

1. e4 e5 2. Nf3 d6 3. d4 exd4 4. Nxd4 h6 5. Nc3 a6 6. Bc4 Nf6 7. Bf4 c6 8. O-O
Be7 9. e5 dxe5 10. Bxe5 O-O 11. Qf3 Bg4 12. Qg3 Nbd7 13. h3 Nxe5 14. Qxe5 Bd6
15. Qe3 Re8 16. Qd2 Bh5 17. Rfe1 Be5 18. Rad1 Bxd1 19. Rxd1 Bxd4 20. Qxd4 Qxd4
21. Rxd4 Re1+ 22. Kh2 Rae8 23. a4 Ne4 24. Rd7 Ng5 25. h4 Ne6 26. Rxb7 Ra8 27.
Rb6 Nd8 28. Bxa6 Re7 29. Bc4 Rb7 30. Rxb7 Nxb7 31. b3 Nd6 32. Bd3 g6 33. Ne2 f5
34. Nd4 c5 35. Nc6 Ne4 36. Bc4+ Kg7 37. f3 Nd6 38. Bd5 Re8 39. a5 Nc8 40. a6 Nb6
41. c4 Nxd5 42. cxd5 Kf6 43. a7 Ra8 44. Kg3 g5 45. hxg5+ hxg5 46. Kf2 Kf7 47.
Ke3 Ke8 48. Kd3 Kd7 49. Kc4 Kd6 50. g3 g4 51. f4 Kc7 52. Kxc5 Kb7 53. b4 Re8 54.
d6 1-0

[Event "AUTO-OPEN-2814"]
[Site "http://www.queenalice.com/game.php?id=1134854"]
[Date "2012.12.28"]
[Round "2"]
[White "musampa"]
[Black "JsMJk"]
[Result "1-0"]
[WhiteElo "2011"]
[BlackElo "1988"]

1. f4 d5 2. e3 Nc6 3. Bb5 Bd7 4. Nf3 a6 5. Bxc6 Bxc6 6. O-O Nf6 7. b3 g6 8. Bb2
e6 9. h3 h5 10. d3 Bd6 11. Nbd2 Be7 12. Bxf6 Bxf6 13. d4 g5 14. fxg5 Bxg5 15.
Nxg5 Qxg5 16. Nf3 Qxe3+ 17. Kh1 Rg8 18. Qd2 Qxd2 19. Nxd2 O-O-O 20. Rxf7 Rde8
21. Raf1 e5 22. Nf3 Ref8 23. Nxe5 Rxf7 24. Rxf7 Bb5 25. Rf2 Re8 26. Kh2 c5 27.
Nf7 Rf8 28. Nd6+ Kd7 29. Rxf8 Kxd6 30. dxc5+ Kxc5 31. Rf5 Be8 32. c4 Kd4 33.
Rxd5+ Ke4 34. g4 Bc6 35. Rxh5 Be8 36. Rh7 Bc6 37. Rf7 Ke5 38. g5 a5 39. Rf2 Be4
40. Re2 Kf4 41. Rxe4+ Kxg5 42. Kg3 a4 43. Re5+ Kf6 44. Kf4 axb3 45. axb3 b6 46.
h4 Kg6 47. Re6+ Kh7 48. Kg5 b5 49. Re7+ Kg8 50. h5 bxc4 51. Kg6 Kf8 52. Ra7 cxb3
53. Kf6 Kg8 54. Rb7 b2 55. Rxb2 Kh8 56. Rb7 Kg8 57. Rc7 Kh8 58. Kg6 1-0

[Event "AUTO-INT-2467"]
[Site "http://www.queenalice.com/game.php?id=1141124"]
[Date "2013.1.16"]
[Round "2"]
[White "pastor"]
[Black "JsMJk"]
[Result "0-1"]
[WhiteElo "1701"]
[BlackElo "1958"]

1. e4 c5 2. Nf3 d6 3. Bb5+ Bd7 4. Bxd7+ Nxd7 5. Nc3 Ngf6 6. d3 a6 7. O-O e6 8.
Re1 h5 9. Bg5 Be7 10. Bxf6 Bxf6 11. d4 cxd4 12. Nxd4 h4 13. Nf3 h3 14. Qxd6 Qe7
15. Qxe7+ Bxe7 16. Rad1 g5 17. gxh3 Rxh3 18. Kg2 g4 19. Ng1 Rh5 20. Rd3 Ne5 21.
Rd4 Bc5 22. Rd2 Bb4 23. Re3 Nc4 24. Rdd3 Nxe3+ 25. Rxe3 Rd8 26. Na4 Rd2 27. c3
b5 28. cxb4 bxa4 29. Re2 Rxe2 30. Nxe2 Re5 0-1

[Event "AUTO-INT-2467"]
[Site "http://www.queenalice.com/game.php?id=1141125"]
[Date "2013.1.16"]
[Round "2"]
[White "JsMJk"]
[Black "pastor"]
[Result "1-0"]
[WhiteElo "1964"]
[BlackElo "1701"]

1. e4 e5 2. Nf3 Nc6 3. d4 d6 4. dxe5 dxe5 5. Qxd8+ Kxd8 6. Bb5 Nd4 7. Nxd4 exd4
8. c3 Bc5 9. O-O Nf6 10. Bg5 c6 11. Bc4 Ke8 12. Bxf6 gxf6 13. Rd1 dxc3 14. Nxc3
Be6 15. Bxe6 fxe6 16. Na4 Bb6 17. Rd6 Ke7 18. Rad1 Rad8 19. Rxd8 Rxd8 20. Rxd8
Kxd8 21. Nxb6 axb6 22. f3 Kd7 23. Kf2 Kd6 24. Ke3 e5 25. f4 Ke6 26. f5+ Kf7 27.
g4 Kg7 28. h4 h5 29. g5 fxg5 30. hxg5 b5 31. f6+ 1-0

[Event "AUTO-INT-2467"]
[Site "http://www.queenalice.com/game.php?id=1141126"]
[Date "2013.1.16"]
[Round "2"]
[White "Gabriel_HD"]
[Black "JsMJk"]
[Result "1/2-1/2"]
[WhiteElo "1920"]
[BlackElo "1977"]

1. e4 e5 2. Nf3 d6 3. h3 Nf6 4. Nc3 c6 5. d4 exd4 6. Qxd4 c5 7. Qc4 Nc6 8. Ng5
Qe7 9. Nd5 Nxd5 10. Qxd5 Be6 11. Nxe6 Qxe6 12. Qxe6+ fxe6 13. Bb5 g6 14. O-O Bg7
15. Rd1 O-O 16. Rxd6 Nd4 17. Bd3 b5 18. c3 c4 19. cxd4 cxd3 20. e5 Rfd8 21. Be3
Rxd6 22. exd6 Rd8 23. Rd1 Rxd6 24. Rxd3 e5 25. d5 e4 26. Rd2 a6 27. Bd4 Rxd5 28.
Be3 Rxd2 29. Bxd2 Bxb2 30. g4 Bd4 31. Kg2 Kf7 32. Kg3 Kf6 33. Kf4 Bxf2 34. Kxe4
Ke6 35. Bf4 Kd7 36. Kd5 b4 37. Bd6 a5 38. Be5 g5 39. Kc4 Kc6 40. Bf6 Be3 41. h4
gxh4 42. Bxh4 h6 43. Bf6 Bd2 44. Bd8 a4 45. Be7 Kd7 46. Bxb4 Bc1 47. Kb5 Ke6 48.
Kxa4 Ke5 49. Kb3 Kf4 50. a4 Kxg4 51. a5 h5 52. Bc5 Bf4 53. a6 Bb8 54. Bd6 Ba7
55. Kb4 h4 56. Kb5 h3 57. Kc6 Bg1 58. Bh2 Bf2 59. Kb7 1/2-1/2

[Event "AUTO-INT-2467"]
[Site "http://www.queenalice.com/game.php?id=1141128"]
[Date "2013.1.16"]
[Round "2"]
[White "JsMJk"]
[Black "Gabriel_HD"]
[Result "1-0"]
[WhiteElo "1943"]
[BlackElo "1856"]

1. e4 e5 2. Nf3 Nc6 3. d4 exd4 4. Nxd4 Nxd4 5. Qxd4 Qe7 6. Bc4 h6 7. Bf4 d6 8.
Nc3 Nf6 9. O-O Be6 10. Rfe1 c5 11. Qd3 Qd7 12. Bb5 c4 13. Bxd7+ Kxd7 14. Qd4 b6
15. Rad1 Ne8 16. e5 d5 17. Qxc4 Bd6 18. Qd3 Bc5 19. Nxd5 Kc6 20. Nc3 Nc7 21.
Qf3+ Bd5 22. Nxd5 Nxd5 23. Qxd5+ Kc7 24. e6+ 1-0

[Event "AUTO-OPEN-2814"]
[Site "http://www.queenalice.com/game.php?id=1183333"]
[Date "2013.5.21"]
[Round "3"]
[White "RuCam"]
[Black "JsMJk"]
[Result "0-1"]
[WhiteElo "1850"]
[BlackElo "1987"]

1. e4 e5 2. Nf3 d6 3. h3 Nf6 4. Nc3 d5 5. exd5 Nxd5 6. Ne4 Bd6 7. Bc4 c6 8. d3
b5 9. Bb3 f5 10. Neg5 h6 11. Nxe5 Bxe5 12. Qh5+ Kd7 13. Qf7+ Qe7 14. Qxe7+ Kxe7
15. Nf3 Bc7 16. O-O Kd8 17. Nd4 a5 18. Nxc6+ Nxc6 19. Bxd5 Bb7 20. Be3 Rb8 21.
f4 Re8 22. Rae1 Nb4 23. Bf7 Re7 24. Bb3 a4 25. Bg8 Nxc2 26. Re2 Nxe3 27. Rfe1
Bxf4 28. Bh7 Nxg2 29. Rxe7 Nxe1 30. Rxe1 Rc8 31. Bxf5 Rc5 32. Kf2 Rc2+ 33. Kf1
Bg3 34. Re3 Bg2+ 35. Kg1 Bf2+ 36. Kh2 Bxe3 37. d4 Be4+ 38. Kg3 Rg2+ 39. Kh4 Bxf5
40. Kh5 g6+ 41. Kh4 Bf2# 0-1

[Event "AUTO-OPEN-2814"]
[Site "http://www.queenalice.com/game.php?id=1183334"]
[Date "2013.5.21"]
[Round "3"]
[White "JsMJk"]
[Black "RuCam"]
[Result "1-0"]
[WhiteElo "1975"]
[BlackElo "1883"]

1. d4 Nf6 2. c4 e5 3. dxe5 Ne4 4. e3 Nc6 5. Qd5 f5 6. Bd3 Ne7 7. Qb5 c6 8. Qb3
Ng6 9. Nc3 Nc5 10. Qc2 Nxe5 11. Bxf5 g6 12. f4 Qf6 13. fxe5 Qg5 14. e4 Qe7 15.
Bh3 Qxe5 16. Nf3 Qc7 17. O-O h6 18. e5 d6 19. Bxc8 Rxc8 20. Qxg6+ Qf7 21. Qxf7+
Kxf7 22. exd6 Bxd6 23. Ng5+ Kg6 24. Nf7 Bxh2+ 25. Kxh2 Rhf8 26. Ne5+ Kh5 27. g4+
Kh4 28. Ng6+ Kxg4 29. Nxf8 Nd3 30. Bxh6 Rc7 31. Rad1 Nxb2 32. Rd4+ Kh5 33. Rg1
Rf7 34. Rf4 Re7 35. Rf3 Kh4 36. Bg5+ Kh5 37. Bxe7 Nxc4 38. Rh3# 1-0

[Event "AUTO-OPEN-2814"]
[Site "http://www.queenalice.com/game.php?id=1183335"]
[Date "2013.5.21"]
[Round "3"]
[White "musampa"]
[Black "JsMJk"]
[Result "1-0"]
[WhiteElo "2110"]
[BlackElo "1986"]

1. f4 d5 2. e3 a6 3. d4 Bf5 4. Bd3 Nh6 5. h3 e6 6. Nc3 Bb4 7. Nf3 Be4 8. O-O
Bxf3 9. Qxf3 Bxc3 10. bxc3 Nd7 11. e4 dxe4 12. Bxe4 Rb8 13. f5 Nxf5 14. Bxb7 Qe7
15. Be4 Rb5 16. Bc6 Rb6 17. Bf4 Kd8 18. Rfe1 Nf6 19. Ba4 Rb8 20. Rab1 Rc8 21.
Rb7 Nd5 22. Bh2 Nh4 23. Qg3 Nf5 24. Qd3 Qa3 25. Bb3 Nd6 26. Bxd6 Qxd6 27. Bxd5
Qxd5 28. Qxa6 Qd6 29. Qxd6+ cxd6 30. Rxf7 Rc7 31. Rxc7 Kxc7 32. Rxe6 Kd7 33. Re1
Rc8 34. Re3 Ra8 35. c4 Rxa2 36. Rc3 Ra4 37. Kf2 d5 38. cxd5 Rxd4 39. Rd3 Re4 40.
Rg3 g6 41. Rg4 Re5 42. c4 Kd6 43. Kf3 Kc5 44. Re4 Rf5+ 45. Rf4 Re5 46. Rh4 h5
47. Re4 Rf5+ 48. Ke3 g5 49. Kd3 Rf2 50. g4 h4 51. Re3 Rf4 52. Re5 Rf3+ 53. Ke4
Rxh3 54. d6+ Kxd6 55. Rxg5 Rg3 56. Kf4 Rg2 57. Kf3 Rc2 58. Rh5 Rxc4 59. Rxh4 1-0

[Event "AUTO-OPEN-2814"]
[Site "http://www.queenalice.com/game.php?id=1183336"]
[Date "2013.5.21"]
[Round "3"]
[White "JsMJk"]
[Black "musampa"]
[Result "0-1"]
[WhiteElo "1998"]
[BlackElo "2096"]

1. d4 d5 2. e3 e6 3. c4 Nf6 4. Nc3 Bb4 5. Bd2 Bxc3 6. bxc3 O-O 7. cxd5 exd5 8.
Bd3 Bg4 9. f3 Bh5 10. Qc2 Nbd7 11. Ne2 Bg6 12. Bxg6 fxg6 13. O-O Qe7 14. Nf4 c6
15. Rae1 Rae8 16. e4 Qf7 17. e5 Nh5 18. Nxh5 gxh5 19. f4 Qf5 20. Qd1 Re6 21. h3
Nb6 22. g4 hxg4 23. hxg4 Rg6 24. g5 Qh3 25. Re3 Qf5 26. Qh5 Nc4 27. Re2 Nxd2 28.
Rxd2 h6 29. Rg2 Rxg5 30. Rxg5 hxg5 31. Qxg5 Qxg5+ 32. fxg5 Rxf1+ 33. Kxf1 Kf7
34. Kf2 Ke6 35. Kg3 Kf5 36. Kh4 g6 37. Kg3 Kxg5 38. Kf3 Kf5 39. Kg3 b6 40. Kh4
c5 41. Kg3 cxd4 42. cxd4 b5 43. a3 a5 44. Kf3 b4 45. axb4 axb4 46. Ke2 b3 47.
Kd2 g5 48. Kc3 g4 49. Kxb3 g3 50. Kb4 g2 51. Kc5 Ke6 52. Kc6 g1=Q 53. Kc5 Qc1+
54. Kb6 Qc4 55. Ka5 Qxd4 56. Kb5 Qc3 57. Ka4 Qb2 58. Ka5 d4 0-1